|
|
|
|
| LEADER |
00000nam0a2200000 4500 |
| 001 |
263583 |
| 005 |
20231101233743.0 |
| 010 |
|
|
|a 9785991640374
|
| 035 |
|
|
|a (RuTPU)RU\TPU\book\286571
|
| 090 |
|
|
|a 263583
|
| 100 |
|
|
|a 20140610d2014 m y0rusy50 ca
|
| 101 |
0 |
|
|a rus
|
| 102 |
|
|
|a RU
|
| 105 |
|
|
|a a j 001zy
|
| 200 |
1 |
|
|a Разработка и технологии производства рекламного продукта
|e учебник и практикум для академического бакалавриата
|f В. А. Поляков, А. А. Романов
|g Финансовый университет при Правительстве Российской Федерации ; Московский государственный университет экономики, статистики и информатики (МЭСИ)
|
| 210 |
|
|
|a Москва
|c Юрайт
|d 2014
|
| 215 |
|
|
|a 503 с.
|c ил.
|
| 225 |
1 |
|
|a Бакалавр. Академический курс
|
| 320 |
|
|
|a Библиогр.: с. 492-493.
|
| 330 |
|
|
|a Учебник посвящен анализу используемых в современной практике маркетинга России и зарубежных стран методик разработки и технологий производства рекламной продукции. Раскрыта сущность и разновидности рекламного продукта с позиции маркетинг-менеджмента, особенности технологических процессов в полиграфии, создании наружной, аудио-, видео- и мультимедийной рекламы. Рассмотрено множество практических примеров и ситуаций по применению рекламных технологий в конкретных маркетинговых ситуациях. Учебник соответствует Федеральному государственному образовательному стандарту высшего образования четвертого поколения. Для подготовки студентов по экономическим направлениям и специальностям по дисциплинам «Разработка и технологии производства рекламного продукта», «Основы рекламы», «Рекламное дело», «Менеджмент рекламы», также может быть использован в качестве дополнительного материала при изучении дисциплин «Маркетинг», «Брендинг» и др.
|
| 606 |
1 |
|
|a Реклама
|2 stltpush
|3 (RuTPU)RU\TPU\subj\24860
|9 49135
|
| 610 |
1 |
|
|a рекламная деятельность
|
| 610 |
1 |
|
|a рекламные продукты
|
| 610 |
1 |
|
|a рекламные сообшения
|
| 610 |
1 |
|
|a рекламные тексты
|
| 610 |
1 |
|
|a печатная реклама
|
| 610 |
1 |
|
|a наружная реклама
|
| 610 |
1 |
|
|a видеореклама
|
| 610 |
1 |
|
|a радиореклама
|
| 610 |
1 |
|
|a мультимедийные технологии
|
| 610 |
1 |
|
|a рекламные технологии
|
| 610 |
1 |
|
|a Интернет-реклама
|
| 610 |
1 |
|
|a управленческие решения
|
| 610 |
1 |
|
|a маркетинговые коммуникации
|
| 610 |
1 |
|
|a брифинги
|
| 610 |
1 |
|
|a учебные пособия
|
| 675 |
|
|
|a 659(075.8)
|v 3
|
| 700 |
|
1 |
|a Поляков
|b В. А.
|g Владимир Александрович
|
| 701 |
|
1 |
|a Романов
|b А. А.
|g Андрей Александрович
|
| 712 |
0 |
2 |
|a Финансовый университет при Правительстве Российской Федерации
|c (Москва)
|c (2010- )
|2 stltpush
|3 (RuTPU)RU\TPU\col\17114
|9 26530
|
| 712 |
0 |
2 |
|a Московский государственный университет экономики, статистики и информатики (МЭСИ)
|c (1996- )
|2 stltpush
|3 (RuTPU)RU\TPU\col\9704
|
| 801 |
|
1 |
|a RU
|b 63413507
|c 20140610
|
| 801 |
|
2 |
|a RU
|b 63413507
|c 20150707
|g RCR
|
| 942 |
|
|
|c BK
|
| 959 |
|
|
|a 102/20140609
|d 2
|e 499,00
|f ЧЗГЛ:1
|f АНЛ:1
|